000 00283 a2200121 4500
001 62548
082 _a620.0042 GAR
090 _c37187
_d37187
100 _aGarratt James
245 _aDesign and technology, 2/e
250 _a2
260 _aGB
_bOxford University Press
_c1996
942 _aNUST-CAE
_k620.0042 GAR
999 _c297621
_d297621